Coronel Fabio Chestaro Mejía : (Registro nro. 7969)

Detalles MARC
000 -LIDER
fixed length control field 01298nam a2200325 a 4500
001 - NÚMERO DE CONTROL
Identificador de número de control 000006848
003 - IDENTIFICACDOR DE NÚMERO DE CONTROL
control field DO-SdBNP
005 - DATE AND TIME OF LATEST TRANSACTION
control field 20180214103005.0
007 - CAMPOS FIJOS DE DESCRIPCIÓN FÍSICA
fixed length control field 000006848
008 - ELEMENTOS DE LONGITUD FIJA
fixed length control field 090903s2009 dr ab 001 0 spa d
020 ## - ISBN
Canceled/invalid ISBN 9789945452120
040 ## - FUENTE DE CATALOGACIÓN
Agencia que crea de manera original el registro BPMSU
Idioma de catalogación spa
Agencia que realiza la transcripción BPMSU
082 ## - NÚMERO DE CLASIFICACIÓN DECIMAL DE DEWEY
Classification number 923.5
Item number C525o
100 1# - ASIENTO PRINCIPAL -- NOMBRE PERSONAL
Nombre personal Ortega Chestaro, V. Amaury,
Fechas asociadas con el nombre 1980-
245 10 - MENCIÓN DE TITULO
Título Coronel Fabio Chestaro Mejía :
Subtítulo vida de un valiente militar en las gestas de junio y abril /
Mención de responsabilidad V. Amaury Ortega Chestaro ; corrección Pedro José Cruz Frías.
260 ## - PUBLICACIÓN, DISTRIBUCIÓN, ETC. (PIE DE IMPRENTA)
Lugar de publicación, distribución, etc Santo Domingo :
Nombre del editor, distribuidor, etc. El Nuevo Diario,
Fecha de publicación, distribución, etc 2009.
300 ## - DESCRIPCIÓN FÍSICA
Extensión 251 p. :
Otros detalles físicos il., mapa. ;
Dimensiones 22 cm.
500 ## - NOTA GENERAL
Nota general En la cubierta: "La trascendencia marcada de un héroe. El glorioso principio del fin de la dictadura"
504 ## - NOTA DE BIBLIOGRAFÍA, ETC.
Bibliography, etc Incluye referencias bibliográficas y notas al pie de las páginas
504 ## - NOTA DE BIBLIOGRAFÍA, ETC.
Bibliography, etc Incluye bibliografía (221-222)
600 14 - ENCABEZAMIENTO DE MATERIA--NOMBRE PERSONAL
Nombre personal CHESTARO MEJIA, FABIO
Fechas asociadas con el nombre 1918-1982
650 #4 - ENCABEZAMIENTO DE MATERIA--TEMÁTICO
Término temático o nombre geográfico como elemento de entrada MILITARES
Subdivisión temática general BIOGRAFÍAS
651 #4 - ENCABEZAMIENTO DE MATERIA--NOMBRE GEOGRÁFICO
Nombre geográfico REPÚBLICA DOMINICANA
Subdivisión temática general BIOGRAFÍAS
651 #4 - ENCABEZAMIENTO DE MATERIA--NOMBRE GEOGRÁFICO
Nombre geográfico REPÚBLICA DOMINICA
Subdivisión temática general HISTORIA
Subdivisión cronológica ERA DE TRUJILLO, 1930-1961
700 1# - ASIENTO SECUNDARIO -- NOMBRE PERSONAL
Nombre personal Cruz Frias, Pedro José
910 ## - VALIDACIÓN
Validación Validado. Control de calidad BNPHU
942 ## - ADDED ENTRY ELEMENTS (KOHA)
Source of classification or shelving scheme Dewey Decimal Classification
Koha item type Libros
945 ## - INFORMACIÓN DE PROCESAMIENTO LOCAL
Información de procesamiento local Titulo remanejado para BNPHU
956 ## - LOCAL ELECTRONIC LOCATION AND ACCESS (OCLC)
Nombre de host VMATEO
Número de acceso 10
Información de compresión 20150914
Inicio de sesión BPMSU
Procesador de solicitud 00151
Existencias
Withdrawn status Lost status Source of classification or shelving scheme Damaged status Not for loan Collection code Home library Current library Date acquired Total Checkouts Full call number Barcode Date last seen Price effective from Koha item type Copy number
    Dewey Decimal Classification     Colección Dominicana Biblioteca Pública Metropolitana Salomé Ureña Biblioteca Pública Metropolitana Salomé Ureña 09/14/2015   923.5 C525o BPMSU15090049 09/14/2015 09/14/2015 Libros  
    Dewey Decimal Classification     Colección Dominicana Biblioteca Pública Metropolitana Salomé Ureña Biblioteca Pública Metropolitana Salomé Ureña 09/14/2015   923.5 C525o BPMSU15090050 09/14/2015 09/14/2015 Libros e. 2